Sports Quiz

Random Sports Quiz
Score 0/132 Timer 05:00
0 Plays Today
Year Champion % Correct
1909-1910Dundee
96.6%
1912-1913Dundee
96.6%
1946-1947Aberdeen
96.6%
1956-1957Dundee
96.6%
1969-1970Aberdeen
96.6%
1981-1982Aberdeen
96.6%
1982-1983Aberdeen
96.6%
1983-1984Aberdeen
96.6%
1985-1986Aberdeen
96.6%
1989-1990Aberdeen
96.6%
1891-1892Celtic
95.8%
1893-1894Rangers
95.8%
1896-1897Rangers
95.8%
1897-1898Rangers
95.8%
1898-1899Celtic
95.8%
1899-1900Celtic
95.8%
1902-1903Rangers
95.8%
1903-1904Celtic
95.8%
1906-1907Celtic
95.8%
1907-1908Celtic
95.8%
1910-1911Celtic
95.8%
1911-1912Celtic
95.8%
1913-1914Celtic
95.8%
1922-1923Celtic
95.8%
1924-1925Celtic
95.8%
1926-1927Celtic
95.8%
1927-1928Rangers
95.8%
1929-1930Rangers
95.8%
1930-1931Celtic
95.8%
1931-1932Rangers
95.8%
1932-1933Celtic
95.8%
1933-1934Rangers
95.8%
1934-1935Rangers
95.8%
1935-1936Rangers
95.8%
1936-1937Celtic
95.8%
1947-1948Rangers
95.8%
1948-1949Rangers
95.8%
1949-1950Rangers
95.8%
1950-1951Celtic
95.8%
1952-1953Rangers
95.8%
1953-1954Celtic
95.8%
1959-1960Rangers
95.8%
1961-1962Rangers
95.8%
1962-1963Rangers
95.8%
Year Champion % Correct
1963-1964Rangers
95.8%
1964-1965Celtic
95.8%
1965-1966Rangers
95.8%
1966-1967Celtic
95.8%
1968-1969Celtic
95.8%
1970-1971Celtic
95.8%
1971-1972Celtic
95.8%
1972-1973Rangers
95.8%
1973-1974Celtic
95.8%
1974-1975Celtic
95.8%
1975-1976Rangers
95.8%
1976-1977Celtic
95.8%
1977-1978Rangers
95.8%
1978-1979Rangers
95.8%
1979-1980Celtic
95.8%
1980-1981Rangers
95.8%
1984-1985Celtic
95.8%
1987-1988Celtic
95.8%
1988-1989Celtic
95.8%
1991-1992Rangers
95.8%
1992-1993Rangers
95.8%
1993-1994Dundee United
95.8%
1994-1995Celtic
95.8%
1995-1996Rangers
95.8%
1998-1999Rangers
95.8%
1999-2000Rangers
95.8%
2000-2001Celtic
95.8%
2001-2002Rangers
95.8%
2002-2003Rangers
95.8%
2003-2004Celtic
95.8%
2004-2005Celtic
95.8%
2006-2007Celtic
95.8%
2007-2008Rangers
95.8%
2008-2009Rangers
95.8%
2009-2010Dundee United
95.8%
2010-2011Celtic
95.8%
2012-2013Celtic
95.8%
2016-2017Celtic
95.8%
2017-2018Celtic
95.8%
1886-1887Hibernian
93.2%
1901-1902Hibernian
93.2%
2015-2016Hibernian
93.2%
1951-1952Motherwell
89.8%
1990-1991Motherwell
89.8%
Year Champion % Correct
1919-1920Kilmarnock
87.3%
1928-1929Kilmarnock
87.3%
1996-1997Kilmarnock
87.3%
1890-1891Heart of Midlothian
86.4%
1895-1896Heart of Midlothian
86.4%
1900-1901Heart of Midlothian
86.4%
1905-1906Heart of Midlothian
86.4%
1955-1956Heart of Midlothian
86.4%
1997-1998Heart of Midlothian
86.4%
2005-2006Heart of Midlothian
86.4%
2011-2012Heart of Midlothian
86.4%
1873-1874Queen's Park
78.8%
1874-1875Queen's Park
78.8%
1875-1876Queen's Park
78.8%
1879-1880Queen's Park
78.8%
1880-1881Queen's Park
78.8%
1881-1882Queen's Park
78.8%
1883-1884Queen's Park
78.8%
1885-1886Queen's Park
78.8%
1889-1890Queen's Park
78.8%
1892-1893Queen's Park
78.8%
2013-2014St. Johnstone
77.1%
2014-2015Inverness Caledonian Thistle
73.7%
1888-1889Third Lanark
71.2%
1904-1905Third Lanark
71.2%
1920-1921Partick Thistle
64.4%
1882-1883Dumbarton
61.9%
1938-1939Clyde
61%
1954-1955Clyde
61%
1957-1958Clyde
61%
1937-1938East Fife
59.3%
1925-1926Saint Mirren
53.4%
1958-1959Saint Mirren
53.4%
1986-1987Saint Mirren
53.4%
1921-1922Greenock Morton
52.5%
1960-1961Dunfermline Athletic
50%
1967-1968Dunfermline Athletic
50%
1923-1924Airdrieonians
44.1%
1876-1877Vale of Leven
39.8%
1877-1878Vale of Leven
39.8%
1878-1879Vale of Leven
39.8%
1884-1885Renton
38.1%
1887-1888Renton
38.1%
1894-1895St Bernard's
33.1%
Remove Ads.
Support Sporcle.
Get the best of Sporcle when you Go Orange. This ad-free experience offers more features, more stats, and more fun while also helping to support Sporcle. Thank you for becoming a member.

You're not logged in!

Compare scores with friends on all Sporcle quizzes.
OR
Log In

Show Comments

Extras

Created Dec 9, 2018ReportNominate
Tags:champion, cup, scottish, Winner

Top Quizzes Today


Score Distribution

Your Account Isn't Verified!

In order to create a playlist on Sporcle, you need to verify the email address you used during registration. Go to your Sporcle Settings to finish the process.

Report this User

Report this user for behavior that violates our Community Guidelines.

Details: